| 000 | 00355 a2200121 4500 | ||
|---|---|---|---|
| 020 | _a0195793749 | ||
| 082 | _a355.0095491 CLO | ||
| 100 | _aCloughley, Brian | ||
| 245 |
_aA History of the Pakistan Army Wars and Insurrections _cBrian Cloughley |
||
| 250 | _a2nd ed. | ||
| 260 |
_aNew York : _bOxford University Press, _c2002 |
||
| 300 |
_axiii, 435p. : _c23 cm |
||
| 650 | _aPakistan Army | ||
| 999 |
_c372 _d372 |
||